000 01114nam2a22002651 4500
001 rc\101772
005 20250620201012.0
010 _a5-8242-0046-7
_95100
035 _a(NLR Aleph) 005402428
090 _a7288503
_c7288503
100 _a20021216d1996 |||y0rusy50 ca
101 0 _arus
102 _aRU
105 _aa |||||||||
200 0 _aТ. 2
_fКоммент. В. Мильчиной, А. Осповата]
210 _dБ. г. (1996)
_aБ. м.
215 _a477, [2] с.
_cил.
320 _aБиблиогр. в примеч.: с. 387-466
320 _aУказ. имен: с. 467-475
461 0 _1001rc\101770
_12001#$aРоссия в 1839 году$eВ 2 т.$e[Пер. с фр.$fСт. В. Мильчиной]$vТ. 2
_1700#1$aКюстин$bА. де$gАдольф де$f1790-1857
_97288487
_aКюстин, А. де (1790-1857)
_cМ.
_dБ. г.
_fСт. В. Мильчиной]
_nИзд-во им. Сабашниковых
_oВ 2 т. : [Пер. с фр.
_tРоссия в 1839 году
_vТ. 2
801 0 _aRU
_bNLR
_gpsbo
801 1 _aRU
_bELAR
_2rusmarc
852 _aNLR
_j96-5/2654
942 _cBOOK
980 _aNB